Statistics for Hollywood Film Directors #3

Click here to take the quiz!

General Stats

  • This quiz has been taken 38 times
  • The average score is 9 of 15

Answer Stats

HintAnswer% Correct
Inglorious Bastards, Kill Bill, Django UnchainedQuentin Tarantino
97%
King Kong (2005), Return of the King, Desolation of SmaugPeter Jackson
89%
A Clockwork Orange, Full Metal Jacket, The ShiningStanley Kubrick
89%
Insomnia, Memento, InceptionChristopher Nolan
69%
Gone Girl, Se7en, The Social NetworkDavid Fincher
69%
Star Trek Into Darkness, Super 8, The Force AwakensJ.J. Abrams
69%
Edge of Darkness, Spider-Man, Spider-Man 2Sam Raimi
60%
Boogie Nights, There Will Be Blood, Inherent VicePaul Thomas Anderson
54%
Mrs. Doubtfire, Percy Jackson, Sorcerer’s StoneChris Columbus
51%
Whiplash, La La Land, First ManDamian Chazelle
51%
Requiem of a Dream, Noah, Black SwanDarren Aronofsky
49%
Thor, Cinderella (2015), Henry VKenneth Branagh
49%
Total Recall (1990), RoboCop, Basic InstinctPaul Verhoeven
31%
John Carter, Finding Nemo, Wall-EAndrew Stanton
23%
The Help, The Girl on the Train, MaTate Taylor
11%

Score Distribution

Percentile by Number Answered

Percent of People with Each Score

Your Score History

You have not taken this quiz